000 00456cam a2200157ua 4500
041 _aeng
_h
082 _a028.72629
_bJUD/MO
100 _aJudge , Arther W .
245 _aMotor manuals:a series for all motor owners and users the mechanism of the car vol-3 /
_cArther W Judge.
_hTextual Documents
250 _a6 /
_b.
260 _aMumbai :
_bAsia Publishing House ,
_c1962.
300 _a542 ; .
504 _a
942 _cBK
999 _c6751
_d6751